Regional labour markets : analytical contributions and cross-national comparisons /

Na minha lista:
Detalhes bibliográficos
Outros Autores: Nijkamp, P. (Peter), Fischer, Manfred M., 1947-
Formato: Livro
Idioma:English
Publicado em: Amsterdam ; New York : New York, N.Y., U.S.A. : North-Holland ; Sole distributors for the U.S.A. and Canada, Elsevier Science Pub. Co., 1987.
Colecção:Contributions to economic analysis ; 168
Assuntos:
LEADER 01240cam a2200289 a 4500
001 c000213181
003 CARM
005 20060202092106.0
008 870729s1987 ne a b 001 0 eng
010 |a 87022200 
019 1 |a 5464244  |5 LACONCORD2021 
020 |a 0444703233 
035 |a (OCoLC)16468036  |5 LACONCORD2021 
040 |a LC  |b eng  |c LC  |d LC 
050 0 0 |a HD5707  |b .R37 1987 
082 0 0 |a 331.12  |2 19 
245 0 0 |a Regional labour markets :  |b analytical contributions and cross-national comparisons /  |c edited by Manfred M. Fischer and Peter Nijkamp. 
260 |a Amsterdam ;  |a New York :  |b North-Holland ;  |a New York, N.Y., U.S.A. :  |b Sole distributors for the U.S.A. and Canada, Elsevier Science Pub. Co.,  |c 1987. 
300 |a xvii, 500 p. :  |b ill. ;  |c 23 cm. 
440 0 |a Contributions to economic analysis ;  |v 168 
504 |a Includes bibliographies and indexes. 
650 0 |a Labor supply  |x Regional disparities. 
700 1 |a Nijkamp, P.  |q (Peter) 
700 1 |a Fischer, Manfred M.,  |d 1947- 
852 8 |b CARM  |h A2:AL03G0  |i C07990  |p 0273489  |f BK 
999 f f |i f7978ce4-52d4-58ec-a257-65b4b99e2acd  |s 56f3aa16-92ca-5d28-b72e-e347027dd628 
952 f f |p Can circulate  |a CAVAL  |b CAVAL  |c CAVAL  |d CARM 1 Store  |e C07990  |f A2:AL03G0  |h Other scheme  |i book  |m 0273489